Never Have I Ever Quiz - Statistics

General Stats
  • This quiz has been taken 798 times
  • The average score is 8 of 16
Answer Stats
Played by Character % Correct
Maitreyi Ramakrishnan Devi
96%
Darren Barnet Paxton
95%
Jaren Lewison Ben
94%
Lee Rodriguez Fabiola
73%
Ramona Young Eleanor
61%
Richa Shukla Kamala
58%
John McEnroe John
51%
Benjamin Norris Trent
51%
Megan Suri Aneesa
45%
Poorna Jagannathan Nalini
45%
Anirudh Pisharody Des
32%
Sendhil Ramamurthy Mohan
28%
Utkarsh Ambudkar Manish
22%
Victoria Moroles Margot
22%
Jack Seavor McDonald Eric
20%
Sarayu Blue Rhyah
14%
No matching quizzes found
Score Distribution
Percent of People with Each Score
Percentile by Number Answered
Your Score History
You have not taken this quiz